|
|
|
|
| LEADER |
00000naa2a2200000 4500 |
| 001 |
623712 |
| 005 |
20231101133257.0 |
| 035 |
|
|
|a (RuTPU)RU\TPU\conf\22747
|
| 035 |
|
|
|a RU\TPU\conf\18133
|
| 090 |
|
|
|a 623712
|
| 100 |
|
|
|a 20170831d2017 k y0rusy50 ca
|
| 101 |
0 |
|
|a rus
|
| 102 |
|
|
|a RU
|
| 105 |
|
|
|a y z 101zy
|
| 135 |
|
|
|a drgn ---uucaa
|
| 181 |
|
0 |
|a i
|
| 182 |
|
0 |
|a b
|
| 200 |
1 |
|
|a Оценка влияния инноваций на субъективное благополучие общества
|f А. С. Близнюк
|g науч. рук. Е. А. Аникина
|
| 203 |
|
|
|a Текст
|c электронный
|
| 225 |
1 |
|
|a Менеджмент
|
| 230 |
|
|
|a 1 компьютерный файл (pdf; 402 Kb)
|
| 300 |
|
|
|a Заглавие с экрана
|
| 320 |
|
|
|a [Библиогр.: с. 9 (5 назв.)]
|
| 463 |
|
0 |
|0 (RuTPU)RU\TPU\conf\22727
|t Проблемы управления рыночной экономикой
|o межрегиональный сборник научных трудов
|h Вып. 18
|f Национальный исследовательский Томский политехнический университет (ТПУ) ; под ред. И. Е. Никулиной, С. С. Деревянченко, Л. Р. Тухватулиной
|v [С. 7-9]
|d 2017
|
| 610 |
1 |
|
|a труды учёных ТПУ
|
| 610 |
1 |
|
|a электронный ресурс
|
| 610 |
1 |
|
|a причинно-следственные связи
|
| 610 |
1 |
|
|a благополучие
|
| 610 |
1 |
|
|a инновации
|
| 610 |
1 |
|
|a эндогенные факторы
|
| 610 |
1 |
|
|a экономика
|
| 700 |
|
1 |
|a Близнюк
|b А. С.
|
| 702 |
|
1 |
|a Аникина
|b Е. А.
|c экономист
|c доцент Томского политехнического университета, кандидат экономических наук
|f 1982-
|g Екатерина Алексеевна
|2 stltpush
|4 727
|
| 712 |
0 |
2 |
|a Национальный исследовательский Томский политехнический университет (ТПУ)
|b Институт социально-гуманитарных технологий (ИСГТ)
|b Кафедра экономики (ЭКОН)
|h 149
|2 stltpush
|3 (RuTPU)RU\TPU\col\18375
|
| 801 |
|
2 |
|a RU
|b 63413507
|c 20170907
|g RCR
|
| 856 |
4 |
|
|u http://earchive.tpu.ru/handle/11683/42536
|
| 942 |
|
|
|c BK
|